000 00873nas a2200277 4500
001 BR9803948
003 BR-BrBNA
005 20231205100848.0
007 ta
008 230509b bl.|||p| |||| 00| 00por d
040 _aBR-BrBNA
_bpor
_cBiblioteca Nacional de Agricultura
041 _a(Pt)
072 _aF08
100 1 _aSantos, H.P. dos
100 1 _aLhamby, J.C.B.
100 1 _aSandini, I.
245 1 _aEfeitos de culturas de inverno e de sistema de rotacao de culturas sobre algumas caracteristicas da soja
650 _aSoja
650 _aCultura de Inverno
650 _aRotacao de Cultura
650 _aRendimento
650 _aCaracteristicas Agronomicas
773 0 _tPesquisa Agropecuaria Brasileira (Brazil)
_xISSN 0100-204X
_g(Nov 1997), v. 32(11) p. 1141-1146
_wBR9803948
909 _a202311
_bLúcia
_c55
_dLúcia Elande
942 _2AGRIS
_n0
_cANA
999 _c158503
_d158503